Nouveau dictionnaire de poche français-néerlandais et néerlandais-français. (Record no. 151036)

MARC details
000 -LEADER
campo de control de longitud fija 00682nam a2200181 i 4500
001 - NÚMERO DE CONTROL
campo de control 151036
003 - IDENTIFICADOR DE NÚMERO DE CONTROL
campo de control ES-MaACL
005 - FECHA Y HORA DE LA ÚLTIMA TRANSACCIÓN
campo de control 20230906203817.0
007 - CAMPO FIJO DE DESCRIPCIÓN FÍSICA--INFORMACIÓN GENERAL
campo de control de longitud fija t|
008 - DATOS DE LONGITUD FIJA--INFORMACIÓN GENERAL
campo de control de longitud fija 071203q1885 ne d |||| | dut d
245 00 - MENCIÓN DEL TÍTULO
Título Nouveau dictionnaire de poche français-néerlandais et néerlandais-français.
260 ## - PUBLICACIÓN, DISTRIBUCIÓN, ETC.
Lugar de publicación, distribución, etc. [Gouda :
Nombre del editor, distribuidor, etc. Van Goor,
Fecha de publicación, distribución, etc. ca.1885]
300 ## - DESCRIPCIÓN FÍSICA
Extensión 774 p. ;
Dimensiones 14 cm.
500 ## - NOTA GENERAL
Nota general Datos tomados del ejemplar sin portada, deducidos del catálogo editorial que acompaña a la obra.
650 #4 - PUNTO DE ACCESO ADICIONAL DE MATERIA--TÉRMINO DE MATERIA
Término de materia o nombre geográfico como elemento de entrada Lengua francesa-
Subdivisión de forma Diccionarios-
Subdivisión general Holandés.
9 (RLIN) 14214
650 #4 - PUNTO DE ACCESO ADICIONAL DE MATERIA--TÉRMINO DE MATERIA
Término de materia o nombre geográfico como elemento de entrada Lengua holandesa-
Subdivisión de forma Diccionarios-
Subdivisión general Francés.
9 (RLIN) 14263
852 ## - LOCALIZACIÓN
Ubicación ES-MaACL
Número de control de estantería G-1372
condición física - Ejemplar falto de port.
Holdings
Estatus retirado Estado de pérdida Estado de daño No para préstamo Colección Biblioteca de origen Biblioteca actual Ubicación en estantería Fecha de adquisición Fuente de adquisición Total de préstamos Signatura topográfica completa Código de barras Visto por última vez Precio de reemplazo Tipo de ítem Koha
        Libros del s. XIX Biblioteca del Ateneo de Madrid Biblioteca del Ateneo de Madrid Depósito 2 17/01/2008     G-1372 1157602 23/02/2023 23/02/2023 Libro impreso antiguo